| 000 | 02887cam a22004454a 4500 | ||
|---|---|---|---|
| 999 |
_c330283 _d330283 |
||
| 001 | 12307174 | ||
| 003 | NUST | ||
| 005 | 20170616103130.0 | ||
| 008 | 010212m20019999nyua b 001 0 eng | ||
| 010 |
_a 2001020400 _z 2005926296 |
||
| 020 | _a0387987711 (alk. paper) | ||
| 020 | _a0387241450 (v. 2, pt. C) | ||
| 020 | _a9780387241456 (v. 2, pt. C) | ||
| 020 | _a9780387950419 (v. 3) | ||
| 020 | _a9780387950426 (v. 4) | ||
| 020 | _a9780387950433 (v. 5 : pts. AB) | ||
| 040 |
_aDLC _cDLC _dDLC |
||
| 042 | _apcc | ||
| 050 | 0 | 0 |
_aQR81 _b.B46 2001 |
| 082 | 0 | 0 |
_a579.3012 BER _221 |
| 245 | 0 | 0 |
_aBergey's manual of systematic bacteriology / _cGeorge M. Garrity, editor-in-chief. |
| 246 | 3 | 0 | _aSystematic bacteriology |
| 250 | _a2nd ed. | ||
| 260 |
_aNew York : _bSpringer, _c2001-<c2012> |
||
| 300 |
_a<v. 1-2, v. 3-5; in 7> : _bill. ; _c29 cm. |
||
| 500 | _aVolume editor varies. | ||
| 500 | _aVol. 3: Paul De Vos [and 7 others], editors. | ||
| 500 | _aVol. 5: William B. Whitman, director of the editorial office; Aidan C. Parte, Managing editor. | ||
| 504 | _aIncludes bibliographical references and indexes. | ||
| 505 | 1 | _av. 1. The archaea and the deeply branching and phototrophic bacteria -- v. 2. The proteobacteria. pt. A. Introductory essays. pt. B. The gamaproteobacteria. pt. C. The alpha-, beta-, delta-, and epsilonproteobacteria -- v. 3 . The firmicutes -- -- v. 4. The bacteroidetes, spirochaetes, tenericutes (mollicutes), acidobacteria, fibrobacteres, fusobacteria, dictyoglomi, gemmatimonadetes, lentisphaerae, verrucomicrobia, chlamydiae, and planctomycetes -- v. 5. The actinobacteria (2 v.). | |
| 650 | 0 |
_aBacteria _vClassification. _92789 |
|
| 700 | 1 |
_aBoone, David R. _92790 |
|
| 700 | 1 |
_aCastenholz, Richard W. _92791 |
|
| 700 | 1 |
_aGarrity, George M. _92792 |
|
| 856 | 4 | 2 |
_3Publisher description _uhttp://www.loc.gov/catdir/enhancements/fy0663/2001020400-d.html |
| 856 | 4 | 2 |
_3Book review (E-STREAMS) _uhttp://www.e-streams.com/es0510/es0510_2122.htm |
| 856 | 4 | 1 |
_3Table of contents only _uhttp://www.loc.gov/catdir/enhancements/fy0816/2001020400-t.html |
| 906 |
_a7 _bcbc _corignew _d1 _eocip _f20 _gy-gencatlg |
||
| 942 |
_2ddc _cBK _kIESE |
||